Biological bulletin

Bibliographic Details
Previous Title:Zoölogical bulletin (Boston, Mass. : Online)
Corporate Author: Marine Biological Laboratory (Woods Hole, Mass.)
Format: Electronic Journal
Language:English
Published: Lancaster, PA : Press of the New Era Printing Company
Boston, MA : Ginn & Company
Lancaster, PA : Lancaster Press, Inc.
Woods Hole, MA : Marine Biological Laboratory
Chicago, IL : University of Chicago Press
Subjects:
Online Access:Full text available from Research Library: 02/01/1994 to 06/30/2009

MARC

LEADER 00000nas a2200000 i 4500
001 ssj0000214
003 WaSeSS
005 20200512172242.0
006 m d
007 cr n
008 980303c18999999maubx pss 0 a0eng c
010 |a  2006236652 
016 7 |a 022549234  |2 DE-101 
016 7 |a 2056482-X  |2 DE-600 
022 |a 1939-8697  |l 0006-3185  |y 0006-3185 
024 7 |a QH301  |2 LC class 
035 |a (WaSeSS)ssj0000214 
037 |b Marine Biological Laboratory, 7 MBL St., Woods Hole, MA 02543 
040 |a FGA  |b eng  |e pn  |c FGA  |d OCL  |d EYM  |d OCLCQ  |d EYM  |d HUL  |d NSD  |d OCLCQ  |d OCLCO  |d GBVCP  |d OCLCQ  |d OCLCF  |d OCLCO  |d UMC  |d DEBBG  |d CUI  |d OCLCQ  |d GILDS  |d VT2  |d OCLCO  |d WCM  |d HEBIS  |d EXW  |d INARC  |d DCHUA  |d REC  |d UUM  |d AU@  |d DKU  |d LVT  |d CEF  |d SFB  |d WaSeSS 
042 |a pcc  |a nsdp 
050 1 4 |a QH301 
060 0 0 |a W1 BI739 
082 1 0 |a 574  |2 14 
130 0 |a Biological bulletin (Boston, Mass. : Online) 
210 0 |a Biol. bull.  |b (Boston, Mass. : Online) 
222 0 |a Biological bulletin  |b (Boston, Mass. : Online) 
245 1 0 |a Biological bulletin  |h [electronic resource]. 
260 2 |3 1902-1922 :  |a Lancaster, PA :  |b Press of the New Era Printing Company 
260 |3 1899-1901 :  |a Boston, MA :  |b Ginn & Company 
260 2 |3 1923-1929 :  |a Lancaster, PA :  |b Lancaster Press, Inc. 
260 2 |3 1930-2016 :  |a Woods Hole, MA :  |b Marine Biological Laboratory 
260 3 |3 2017- :  |a Chicago, IL :  |b University of Chicago Press 
310 |a Bimonthly 
362 0 |a Vol. 1, no. 1 (Oct. 1899)- 
500 |a Title from title screen (JSTOR, viewed Feb. 8, 2006). 
506 |a License restrictions may limit access. 
588 |a Latest issue consulted: Vol. 213, no. 1 (Aug. 2007) (Highwire Press, viewed Sept. 10, 2007). 
650 0 |a Biology  |v Periodicals. 
650 0 |a Zoology  |v Periodicals. 
650 7 |a Biology.  |2 fast  |0 (OCoLC)fst00832383 
650 7 |a Zoology.  |2 fast  |0 (OCoLC)fst01184696 
650 2 |a Biology  |v Periodicals. 
650 2 |a Zoology  |v Periodicals. 
655 0 |a Electronic journals. 
710 2 |a Marine Biological Laboratory (Woods Hole, Mass.) 
776 0 8 |i Print version:  |t Biological bulletin  |x 0006-3185  |w (DLC)a 38000518  |w (OCoLC)1536426 
780 0 0 |t Zoölogical bulletin (Boston, Mass. : Online)  |w (DLC) 2006236653  |w (OCoLC)63584449 
856 4 0 |z Full text available from Research Library: 02/01/1994 to 06/30/2009  |u https://search.proquest.com/publication/49055